000
00228nam a2200097Ia 4500
008
240331s9999 xx 000 0 und d
082
_b
SAM
100
_a
Saminathan, V
245
0
_a
Yuma vasukiyilirunthu samuthiram vari
942
_c
L
999
_c
4403
_d
4403